[Event "Pan American-ch Hybrid U12 Girls 31st"]
[Site "Tornelo INT"]
[Date "2021.09.04"]
[Round "8"]
[White "Bokhonok, Tatiana dos Santos"]
[Black "Cerna Ruiz, Daniela del Rosario"]
[Result "0-1"]
[WhiteElo "1273"]
[BlackElo "1224"]
[PlyCount "154"]
[EventDate "2021.09.04"]
[EventType "swiss"]
[EventRounds "9"]
[EventCountry "NET"]
[SourceTitle "EXT 2023"]
[Source "ChessBase"]
[SourceDate "2022.10.05"]
[SourceVersion "1"]
[SourceVersionDate "2022.10.05"]
[SourceQuality "1"]

1. d4 d5 2. Bf4 Nf6 3. e3 e6 4. Nf3 c5 5. c3 Bd6 6. Bg3 Nc6 7. Bb5 a6 8. Ba4 0-0 9. Ne5 Qc7 10. f4 Ne4 11. Nd2 Nxd2 12. Qxd2 Nxe5 13. fxe5 Be7 14. Bc2 Bd7 15. Qd3 g6 16. Bf4 Kg7 17. h4 Rh8 18. g4 Bb5 19. Qd2 Qd8 20. h5 Bh4+ 21. Kd1 Bg5 22. Qh2 h6 23. a4 Bc6 24. Rf1 Bxf4 25. Qxf4 Rf8 26. Kd2 cxd4 27. exd4 Qg5 28. Qxg5 hxg5 29. Rf6 gxh5 30. Rh1 h4 31. b3 b5 32. a5 Rab8 33. Rh3 b4 34. c4 dxc4 35. bxc4 Bg2 36. Rh2 h3 37. Bb3 Rh8 38. d5 Rbd8 39. d6 Rxd6+ 40. exd6 Kxf6 41. c5 Bc6 42. Kd3 Kg7 43. Kc4 Rh4 44. Bd1 f5 45. Bf3 Bxf3 46. d7 Rh8 47. Rxh3 Bd5+ 48. Kxb4 Rb8+ 49. Ka3 Rd8 50. gxf5 exf5 51. Rd3 Rxd7 52. Kb4 Bc6 53. Rd6 Rb7+ 54. Kc4 Rc7 55. Kd4 Rd7 56. Ke5 f4 57. Rxc6 f3 58. Ke6 f2 59. Kxd7 f1Q 60. Rxa6 Qxa6 61. c6 Qxa5 62. c7 Qxc7+ 63. Kxc7 g4 64. Kd6 g3 65. Ke5 g2 66. Kf4 g1Q 67. Ke4 Qf2 68. Kd5 Qe3 69. Kc4 Qd2 70. Kb5 Qc3 71. Kb6 Kf6 72. Kb5 Ke5 73. Kb6 Kd6 74. Kb5 Qc5+ 75. Ka6 Qb4 76. Ka7 Kc7 77. Ka6 Qb6# 0-1

[Event "Pan American-ch Hybrid U12 Girls 31st"]
[Site "Tornelo INT"]
[Date "2021.09.04"]
[Round "2"]
[White "Cerna Ruiz, Daniela del Rosario"]
[Black "Fernandes, Beatriz"]
[Result "1-0"]
[WhiteElo "1224"]
[BlackElo "1221"]
[PlyCount "97"]
[EventDate "2021.09.04"]
[EventType "swiss"]
[EventRounds "9"]
[EventCountry "NET"]
[SourceTitle "EXT 2023"]
[Source "ChessBase"]
[SourceDate "2022.10.05"]
[SourceVersion "1"]
[SourceVersionDate "2022.10.05"]
[SourceQuality "1"]

1. e4 c5 2. Nf3 d6 3. d4 cxd4 4. Nxd4 Nf6 5. Nc3 a6 6. Bc4 b5 7. Bd5 Nxd5 8. exd5 Bb7 9. a3 Nd7 10. 0-0 g6 11. Re1 Bg7 12. Nc6 Bxc6 13. dxc6 Ne5 14. Qd5 Qc7 15. Ne4 0-0 16. Be3 Qxc6 17. Qxc6 Nxc6 18. c3 Rac8 19. Bg5 Rfe8 20. Re2 Rc7 21. Nxd6 Rd8 22. Ne4 Rcd7 23. Rae1 h6 24. Be3 Ne5 25. Nc5 Rd5 26. Nxa6 Nd3 27. Rd1 Nf4 28. Red2 Nd3 29. Nb4 Nxb4 30. axb4 Rxd2 31. Rxd2 Rxd2 32. Bxd2 Kf8 33. Kf1 Ke8 34. Ke2 Kd7 35. Kd3 g5 36. f4 g4 37. Ke4 e6 38. f5 e5 39. Kd5 Bf8 40. Kxe5 Ke7 41. Be3 f6+ 42. Kf4 h5 43. Bc5+ Kf7 44. Bxf8 Kxf8 45. Kg3 Ke7 46. Kh4 Kd6 47. Kxh5 g3 48. hxg3 Ke5 49. Kg6 1-0

[Event "Pan American-ch Hybrid U12 Girls 31st"]
[Site "Tornelo INT"]
[Date "2021.09.04"]
[Round "3"]
[White "Cerna Ruiz, Daniela del Rosario"]
[Black "Marin Garrido, Carolina"]
[Result "0-1"]
[WhiteElo "1224"]
[BlackElo "1232"]
[PlyCount "114"]
[EventDate "2021.09.04"]
[EventType "swiss"]
[EventRounds "9"]
[EventCountry "NET"]
[SourceTitle "EXT 2023"]
[Source "ChessBase"]
[SourceDate "2022.10.05"]
[SourceVersion "1"]
[SourceVersionDate "2022.10.05"]
[SourceQuality "1"]

1. e4 e5 2. Nf3 Nc6 3. d4 exd4 4. Nxd4 Nf6 5. Nc3 Bb4 6. Nxc6 bxc6 7. Bd2 Qe7 8. Qe2 0-0 9. f3 Re8 10. 0-0-0 a5 11. a3 Bxa3 12. Bg5 Qb4 13. bxa3 Qxc3 14. Rd3 Qa1+ 15. Kd2 Ba6 16. Bxf6 Qxf6 17. Qe3 Bxd3 18. Bxd3 d5 19. Rb1 dxe4 20. Bxe4 Rad8+ 21. Bd3 Rxe3 22. Kxe3 Qd4+ 23. Kd2 c5 24. Re1 c4 25. Re4 c3+ 26. Ke2 Qxe4+ 27. Bxe4 g6 28. Ke3 Rd2 29. f4 Kg7 30. h3 Kf6 31. Bd3 Rxg2 32. Kd4 Rh2 33. Kxc3 Rxh3 34. Kc4 Rh4 35. Kb5 Rxf4 36. Kxa5 h5 37. Bb5 h4 38. Bc6 h3 39. Kb5 h2 40. a4 Rf5+ 41. Kb4 Ke6 42. a5 Kd6 43. Bh1 c5+ 44. Kb5 Kc7 45. a6 c4+ 46. Kb4 Kb6 47. Kxc4 Kxa6 48. Kd4 Rf1 49. Bg2 Rc1 50. c4 h1Q 51. Bxh1 Rxh1 52. Kc5 g5 53. Kc6 g4 54. Kd6 g3 55. c5 g2 56. c6 g1Q 57. c7 Qg4 0-1

[Event "Pan American-ch Hybrid U12 Girls 31st"]
[Site "Tornelo INT"]
[Date "2021.09.04"]
[Round "4"]
[White "Wilson, Hannah"]
[Black "Cerna Ruiz, Daniela del Rosario"]
[Result "1-0"]
[WhiteElo "1340"]
[BlackElo "1224"]
[PlyCount "113"]
[EventDate "2021.09.04"]
[EventType "swiss"]
[EventRounds "9"]
[EventCountry "NET"]
[SourceTitle "EXT 2023"]
[Source "ChessBase"]
[SourceDate "2022.10.05"]
[SourceVersion "1"]
[SourceVersionDate "2022.10.05"]
[SourceQuality "1"]

1. e4 e5 2. Nf3 Nc6 3. d4 exd4 4. Bc4 Nf6 5. e5 d5 6. Bb5 Ne4 7. Nxd4 Bd7 8. Bxc6 bxc6 9. 0-0 Bc5 10. f3 Ng5 11. f4 Ne6 12. c3 Qh4 13. Be3 Nxd4 14. cxd4 Bg4 15. Qc2 Bb6 16. Qxc6+ Ke7 17. Nc3 Rhd8 18. Nxd5+ Kf8 19. Nxb6 cxb6 20. Qe4 Re8 21. f5 Qh5 22. e6 fxe6 23. fxe6+ Kg8 24. d5 Rad8 25. Rf4 Be2 26. Rh4 Qg6 27. Qxg6 hxg6 28. Rd4 Ba6 29. Rc1 Rc8 30. Rxc8 Bxc8 31. Re4 Bb7 32. Re5 Bc8 33. e7 Kf7 34. Bg5 Bf5 35. d6 Bd7 36. Re3 Bf5 37. Rf3 Ke6 38. Bf4 g5 39. Bxg5 Kxd6 40. Rxf5 g6 41. Rf8 Rxe7 42. Bxe7+ Kxe7 43. Ra8 Ke6 44. Rxa7 Kd5 45. Rg7 b5 46. Rxg6 b4 47. h4 Kc4 48. h5 Kd3 49. h6 Kc2 50. h7 Kxb2 51. h8Q+ Kxa2 52. Ra6+ Kb3 53. Qd4 Kc2 54. Qxb4 Kd1 55. Ra2 Kc1 56. Qd2+ Kb1 57. Qc2# 1-0